000 00576nam a22002057a 4500
005 20251108172452.0
008 250721s9999 xx 000 0 ara d
082 1 4 _a909محم
100 1 _aمحمد، هاشم أحمد
245 1 0 _aعلم التاريخ /
264 1 _aالقاهرة :
_bهلا بوك شوب،
300 _a58ص
490 0 _aسلسلة علوم وعلماء
650 1 7 _aالتاريخ
650 1 7 _aماقبل التاريخ
650 1 7 _aالمؤرخون
650 1 7 _aالعصورالتاريخية
942 _2ddc
_cBK
999 _c80119
_d80119